00369nam a2200133Ia 4500008004000000020001800040082001700058100004800075245003100123260004800154300000800202440000700210650001800217210210b2000 xxu||||| |||| 00| 0 eng d a81 87649 08 9 a820.308 DHAK aDHARMARAJAN (Geeta) and AGGARWAL (Nandita). aKatha;prize stories. V 10. aNew Delhi.bKatha Sarvodaya Enclave.,c2000 a255 a10 aStories Katha